Normal view
MARC view
Entry Personal Name
001 - CONTROL NUMBER
- control field: 37581
003 - CONTROL NUMBER IDENTIFIER
- control field: ARRUPE
005 - DATE AND TIME OF LATEST TRANSACTION
- control field: 20171114101216.0
008 - FIXED-LENGTH DATA ELEMENTS
- fixed length control field: 171114|| aca||aabn | a|a d
040 ## - CATALOGING SOURCE
- Original cataloging agency: ARRUPE
- Transcribing agency: ARRUPE
100 ## - HEADING--PERSONAL NAME
- Personal name: Stevenson, Leslie Forster.
670 ## - SOURCE DATA FOUND
- Source citation: Work cat.: (ARRUPE)0: Stevenson, Leslie Forster., Seven theories of human nature /, 1987.